<?xml version="1.0" encoding="UTF-8"?>
<record
    xmlns:xsi="http://www.w3.org/2001/XMLSchema-instance"
    xsi:schemaLocation="http://www.loc.gov/MARC21/slim http://www.loc.gov/standards/marcxml/schema/MARC21slim.xsd"
    xmlns="http://www.loc.gov/MARC21/slim">

  <leader>00546nam a2200217Ia 4500</leader>
  <controlfield tag="005">20251121151022.0</controlfield>
  <controlfield tag="008">230125s9999    xx            000 0 und d</controlfield>
  <datafield tag="020" ind1=" " ind2=" ">
    <subfield code="a">9789351507314</subfield>
  </datafield>
  <datafield tag="041" ind1=" " ind2=" ">
    <subfield code="a">eng</subfield>
  </datafield>
  <datafield tag="082" ind1=" " ind2=" ">
    <subfield code="a">158.1</subfield>
    <subfield code="b">WAD</subfield>
  </datafield>
  <datafield tag="100" ind1=" " ind2=" ">
    <subfield code="a">Wadkar A</subfield>
    <subfield code="9">215288</subfield>
  </datafield>
  <datafield tag="245" ind1=" " ind2=" ">
    <subfield code="a">Life Skills For Success</subfield>
  </datafield>
  <datafield tag="250" ind1=" " ind2=" ">
    <subfield code="a">1st Ed.</subfield>
  </datafield>
  <datafield tag="260" ind1=" " ind2=" ">
    <subfield code="c">2016</subfield>
    <subfield code="b">Sage publication</subfield>
    <subfield code="a">New Delhi</subfield>
  </datafield>
  <datafield tag="300" ind1=" " ind2=" ">
    <subfield code="a">403p</subfield>
  </datafield>
  <datafield tag="500" ind1=" " ind2=" ">
    <subfield code="a">Personality Development
</subfield>
  </datafield>
  <datafield tag="650" ind1=" " ind2=" ">
    <subfield code="a">Personality Development</subfield>
    <subfield code="9">213420</subfield>
  </datafield>
  <datafield tag="700" ind1=" " ind2=" ">
    <subfield code="a">Wadkar A</subfield>
    <subfield code="9">215288</subfield>
  </datafield>
  <datafield tag="906" ind1=" " ind2=" ">
    <subfield code="b">121.8</subfield>
  </datafield>
  <datafield tag="942" ind1=" " ind2=" ">
    <subfield code="c">BK</subfield>
  </datafield>
  <datafield tag="999" ind1=" " ind2=" ">
    <subfield code="c">96104</subfield>
    <subfield code="d">96104</subfield>
  </datafield>
  <datafield tag="952" ind1=" " ind2=" ">
    <subfield code="0">0</subfield>
    <subfield code="1">0</subfield>
    <subfield code="4">0</subfield>
    <subfield code="7">0</subfield>
    <subfield code="a">HIMR</subfield>
    <subfield code="b">HIMR</subfield>
    <subfield code="d">2019-12-17</subfield>
    <subfield code="e">Forward Books</subfield>
    <subfield code="g">435.00</subfield>
    <subfield code="i">11147</subfield>
    <subfield code="l">2</subfield>
    <subfield code="o">158.1 WAD B19047</subfield>
    <subfield code="p">HIMR-BK-19047</subfield>
    <subfield code="r">2026-02-11 15:37:56</subfield>
    <subfield code="s">2026-02-05</subfield>
    <subfield code="v">313.20</subfield>
    <subfield code="w">2019-12-10</subfield>
    <subfield code="y">BK</subfield>
    <subfield code="z">B19047</subfield>
  </datafield>
  <datafield tag="952" ind1=" " ind2=" ">
    <subfield code="0">0</subfield>
    <subfield code="1">0</subfield>
    <subfield code="4">0</subfield>
    <subfield code="7">0</subfield>
    <subfield code="a">HIMR</subfield>
    <subfield code="b">HIMR</subfield>
    <subfield code="d">2019-12-17</subfield>
    <subfield code="e">Forward Books</subfield>
    <subfield code="g">435.00</subfield>
    <subfield code="i">11147</subfield>
    <subfield code="l">0</subfield>
    <subfield code="o">158.1 WAD B19048</subfield>
    <subfield code="p">HIMR-BK-19048</subfield>
    <subfield code="r">2023-01-25 00:00:00</subfield>
    <subfield code="v">313.20</subfield>
    <subfield code="w">2019-12-10</subfield>
    <subfield code="y">BK</subfield>
    <subfield code="z">B19048</subfield>
  </datafield>
</record>
